000 00261nam a22001097a 4500
008 240308b |||||||| |||| 00| 0 eng d
100 _aMawal, Panchaman
_99254
245 _aSahitya Parikarika
260 _bViswa vahanati,
_c1956.
300 _a83p.
942 _cBK
999 _c38986
_d38986